000 00484nam a2200181 a 4500
005 20140310183215.0
008 030627s19uu xx 00 eng d
020 _a0340247088
050 _aHD 7260
_b.C977 1981
100 _aCurson, Ron
245 _aPersonnnel Management /
_cRon Curson.
260 _aGreat Britain :
_bHodder & Stoughton,
_c1981.
300 _a301 p. :
_c18 cm.
521 _aBSBA
650 _aPersonnel Management
942 _cBK
_2lcc
_kFOR
999 _c20229
_d20229